000
00286nam a22001097a 4500
082
_a
300
100
_a
Singh, Sudeep
_9
80831
245
_a
Conceptual Understanding of Persons With Disabilities
260
_a
Delhi
_b
Aradhana Pub
_c
2018
650
_a
Social Science
_9
80832
942
_c
BK
999
_c
64071
_d
64071